ՀՀ Գիտությունների ազգային ակադեմիայի հիմնարար գիտական գրադարան  =   Fundamental Scientific Library of NAS RA

Յեղափոխական ալպոմ : (Record no. 533512)

MARC details
000 -LEADER
fixed length control field 02714nas a22003017a 4500
003 - CONTROL NUMBER IDENTIFIER
control field AM-YeHGA
005 - DATE AND TIME OF LATEST TRANSACTION
control field 20250618080208.0
008 - FIXED-LENGTH DATA ELEMENTS--GENERAL INFORMATION
fixed length control field 201103d19491975sy |||pdr|||||||||||arm||
040 ## - CATALOGING SOURCE
Original cataloging agency AM-YeHGA
041 0# - LANGUAGE CODE
Language code of text/sound track or separate title arm
001 - CONTROL NUMBER
control field 1711893
090 ## - LOCALLY ASSIGNED LC-TYPE CALL NUMBER (OCLC); LOCAL CALL NUMBER (RLIN)
-- 572554
245 10 - TITLE STATEMENT
Title Յեղափոխական ալպոմ :
Remainder of title Ազատագրական պայքարի յուշամատեան :
Statement of responsibility, etc. Խմբ.՝ Աւօ (Աւետիս Թումայեան) ; Հրատարակութիւն Հ.Յ.Դ. «Քրիստափոր» պատանեկան միութեան.
246 3# - VARYING FORM OF TITLE
Title proper/short title Հեղափոխական ալբոմ /
260 ## - PUBLICATION, DISTRIBUTION, ETC.
Place of publication, distribution, etc. Հալէպ :
Name of publisher, distributor, etc. տպ. Նայիրի,
Date of publication, distribution, etc. 1949-1961.
260 ## - PUBLICATION, DISTRIBUTION, ETC.
Place of publication, distribution, etc. Պէյրութ :
Name of publisher, distributor, etc. տպ. Սեւան,
Date of publication, distribution, etc. 1962-1975.
300 ## - PHYSICAL DESCRIPTION
Extent Համար ։
Other physical details Լուսանկար ;
Dimensions 24 x 17 սմ.
362 0# - DATES OF PUBLICATION AND/OR SEQUENTIAL DESIGNATION
Dates of publication and/or sequential designation 1949-1975.
500 ## - GENERAL NOTE
General note 1949-1961թթ. հրատարակվել է Հալեպում, 1962-1975թթ.՝ Բեյրութում:
500 ## - GENERAL NOTE
General note Տպարաններ՝ Անի Արևելք
504 ## - BIBLIOGRAPHY, ETC. NOTE
Bibliography, etc. note Տե՛ս Պատմութիւն Սուրիոյ հայ տպարաններու / Պատրաստ.՝ Հայկ Պարիկեան, Յովնան Վարժապետեան, Հալէպ, 1973, էջ 183 http://tert.nla.am/archive/HAY%20GIRQ/Ardy/1951-1980/siria_tparanner_1973.pdf
515 ## - NUMBERING PECULIARITIES NOTE
Numbering peculiarities note Ա և Բ շարքերը՝ 1949թ.-ից մինչև [1959]թ.-ը հրատարակման տարեթվեր չունեն (համարների բաշխումը` մեր կողմից):
525 ## - SUPPLEMENT NOTE
Supplement note [1957]թ. # 1-ը՝ «Բացառիկ թիւ։ Նուիրուած Հայաստանի Հանրապետութեան Բ տարեդարձին»։ 1963թ. # 6/7-ը՝ «Բացառիկ թիւ։ Երջանկայիշատակ Ն.Ս.Օ.Տ.Տ. Զարեհ Ա Փայասլեան (Կաթողիկոս Մեծի տանն Կիլիկիոյ)»։ 1964թ. # 11/12-ը՝ «Բացառիկ թիւ։ Յարգանք նահատակներուն»։ 1965թ. # 1-ը նվիրված է ՀՀԴ հիմնադրման 75-ամյակին։ 1965թ. # 7/9-ը՝ «Բացառիկ թիւ՝ նուիրուած Ապրիլեան Եղեռնի յիսնամեակին»։ 1967թ. # 3/4-ը՝ «Բացառիկ թիւ՝ նուիրուած Համաստեղին»։ 1968թ. # 6/8-ը՝ «Հայաստանի Հանրապետութեան հիմնադրման յիսնամեակին առթիւ «Յեղափոխական ալպոմի» այս թիւը կը նուիրուի Հայ զինուորին»։ 1975թ. # 8/12-ը՝ « Ապրիլեան բացառիկ»։
610 24 - SUBJECT ADDED ENTRY--CORPORATE NAME
Corporate name or jurisdiction name as entry element Հայ յեղափոխական դաշնակցութիւն
9 (RLIN) 4870
650 #4 - SUBJECT ADDED ENTRY--TOPICAL TERM
Topical term or geographic name entry element Շարունակվող հրատարակություններ
9 (RLIN) 580
700 ## - ADDED ENTRY--PERSONAL NAME
Personal name Թումայեան, Աւետիս (Աւօ),
Relator term խմբ.
Relationship edt
942 ## - ADDED ENTRY ELEMENTS (KOHA)
Source of classification or shelving scheme Universal Decimal Classification
Koha item type Շարունակական պաշար / Continuing Resource
Holdings
Withdrawn status Lost status Source of classification or shelving scheme Damaged status Not for loan Collection Home library Current library Date acquired Serial enumeration / chronology Total checkouts Full call number Barcode Date last seen Price effective from Koha item type Public note
    Universal Decimal Classification     Edgaryan Individual Collection Fundamental Scientific Library Fundamental Scientific Library 03/03/2025 1962, Գ․ շարք, № 2(38)   Էդգ/1224 FL0689270 03/03/2025 03/03/2025 Շարունակական պաշար / Continuing Resource ILL Non-Circ.
    Universal Decimal Classification     Edgaryan Individual Collection Fundamental Scientific Library Fundamental Scientific Library 03/03/2025 1963, Դ․ շարք, № 8(44)   Էդգ/1225 FL0689269 03/03/2025 03/03/2025 Շարունակական պաշար / Continuing Resource ILL Non-Circ.


ՀՀ ԳԱԱ հիմնարար գիտական գրադարան
ՀՀ,Երևան 0019
Մարշալ Բաղրամյան 24/6
հեռախոս:(374-10) 52-47-50
Հետադարձ կապ

All site content, except where otherwise noted, is licensed under a
Creative Commons License